| 000 | 01305namaa2200337 i 4500 | ||
|---|---|---|---|
| 003 | EG-GICUC | ||
| 005 | 20260404150141.0 | ||
| 008 | 260404s2008 ti a|||jr|||| 001 0 ara d | ||
| 040 |
_aEG-GiCUC _bara _cEG-GiCUC _dEG-GiCUC _erda |
||
| 041 | 1 |
_aara _hfre |
|
| 082 | 0 | 4 |
_221 _a400 _bP714 |
| 092 | 0 | 4 |
_221 _a400 _bP714 |
| 099 | _a400 P714 | ||
| 100 | 1 |
_aبلانتان، كريستيان _eمؤلف. |
|
| 240 | 1 |
_aL'argumentation _sArabic |
|
| 245 | 1 | 2 |
_aالحجاج / _cكريستيات بلانتان ؛ ترجمة عبد القادر المهيرى ؛ مراجعة عبد الله صولة. |
| 264 |
_aتونس : _bالمركز الوطنى للترجمة، دار سيناترا، _c2008. |
||
| 300 |
_a172 صفحة ؛ _c21 سم |
||
| 336 |
_2rdacontent _atext |
||
| 337 |
_2rdamedia _aUnmediated |
||
| 338 |
_2rdacarrier _avolume |
||
| 490 | _aسلسلة مقالات اللغويين | ||
| 500 | _aالترجمة العربية لـ : L'argumentation | ||
| 504 | _aيشتمل على ارجاعات ببليوجرافية وفهارس | ||
| 541 |
_aد. جابر عصفور ؛ _bالقاهرة ؛ _cإهداء ؛ _d2024. |
||
| 650 | 1 | 7 |
_aاللسانيات _2qrmak |
| 651 | 1 | _2qrmak | |
| 700 | 1 |
_aالمهيرى، عبد القادر _eمترجم. |
|
| 905 | _aAya | ||
| 942 |
_2ddc _cBK _e21 _n0 |
||
| 999 |
_c179164 _d179164 |
||